000 00302nam a22001337a 4500
008 170213b xxu||||| |||| 00| 0 eng d
020 _a9781416056270
041 _aeng
080 _27TH
_a61
100 _a4
101 _aSHM
245 _aBUILDING A MEDICAL VOCABULART
_cLEONARD, P.C
942 _2udc
_cBK
999 _c5293
_d5293